Manual de epilepsias

-д хадгалсан:
Номзүйн дэлгэрэнгүй
Үндсэн зохиолч: Galdames Poblete, Daniel (Зохиогч)
Формат: Ном
Хэл сонгох:испани
Хэвлэсэн: Santiago Mediterráneo 2000
Нөхцлүүд:
Шошгууд: Шошго нэмэх
Шошго байхгүй, Энэхүү баримтыг шошголох эхний хүн болох!

MARC

LEADER 00000nam a2200000 a 4500
001 UCN3897
003 CL-VaPUC
008 010713e20000000CL |||||||||||||||||spa|d
082 0 4 |a 616.853  |b GAL  |2 21 
100 |a Galdames Poblete, Daniel  |e author  |9 460510 
245 1 0 |a Manual de epilepsias 
300 |a 249 p 
942 |c BK 
945 |d 20010713 00:00:00  |a vberengu 
260 |a Santiago  |b Mediterráneo  |c 2000 
650 0 |a Epilepsia  |9 334738 
650 7 |a ENFERMEDADES DEL SISTEMA NERVIOSO  |2 CL-VaPUC  |9 269801 
650 7 |a EPILEPSIA - MEDICAMENTOS  |2 CL-VaPUC  |9 460511 
650 0 |a Farmacología   |9 269634 
650 7 |a FARMACOTERAPIA  |2 CL-VaPUC  |9 460512 
650 7 |a EPILEPSIA - DIAGNOSTICO  |2 CL-VaPUC  |9 460513 
583 |a last modification  |c 20010713 00:00:00  |k Rodrigo Vera 
999 |c 296568  |d 296566 
952 |0 0  |1 0  |4 0  |6 616_853000000000000_GAL_2000  |7 0  |8 A  |9 350450  |a BIBCUR  |b BIBCUR  |d 2019-11-20  |i 3739589  |o 616.853 GAL 2000  |p 3739589  |r 2025-04-22  |w 2019-11-20  |y BK  |k KIN 
952 |0 0  |1 0  |4 0  |6 616_853000000000000_GAL_2000  |7 0  |8 A  |9 350451  |a BIBCUR  |b BIBCUR  |d 2019-11-20  |i 3739597  |o 616.853 GAL 2000  |p 3739597  |r 2025-04-22  |w 2019-11-20  |y BK  |k KIN 
952 |0 0  |1 0  |4 0  |6 616_853000000000000_GAL_2000  |7 0  |8 A  |9 350452  |a BIBCUR  |b BIBCUR  |d 2019-11-20  |i 3739600  |o 616.853 GAL 2000  |p 3739600  |r 2025-04-22  |w 2019-11-20  |y BK  |k KIN